00962cam a22002531 4500001001300000003000400013005001700017008004100034010001700075035001900092040007600111042001200187050002700199100003600226245006000262260009200322300003000414490007200444500001600516504003100532650004500563650002500608830007500633hew63000011 DLC20260227111512.0771205s1962 dcua b f000 0 eng c ahew63000011  a(OCoLC)3465129 aU.S. Dept. of Health, Education, and Welfare. LibrarycDNIEdOCoLCdDLC apremarc00aL111b.A6 1963, no. 221 aSteffensen, James Peter,d1920-10aMerit salary programs in six selected school districts. a[Washington]bU.S. Dept. of Health, Education, and Welfare, Office of Educationc[1962] av, 63 p.btables.c24 cm.1 aUnited States. Office of Education. Bulletinv1963, no. 5 [i.e. 22] a"OE-23026." aBibliographical footnotes. 0aTeachersxSalaries, etc.zUnited States. 0aTeachersxRating of. 0aBulletin (United States. Office of Education) ;v1963, no. 5 [i.e. 22]